000 01661nam a2200385Ia 4500
001 ebr10619766
003 CaPaEBR
006 m u
007 cr cn|||||||||
008 120412s2012 maua sb 001 0 eng d
010 _z 2012014006
020 _z9780674066922 (alk. paper)
020 _z9780674067660
040 _aCaPaEBR
_cCaPaEBR
035 _a(OCoLC)816041234
050 1 4 _aHJ261
_b.M37 2012eb
100 1 _aMcCraw, Thomas K.
245 1 4 _aThe founders and finance
_h[electronic resource] :
_bhow Hamilton, Gallatin, and other immigrants forged a new economy /
_cThomas K. McCraw.
260 _aCambridge, Mass. :
_bBelknap Press of Harvard University Press,
_c2012.
300 _aviii, 485 p. :
_bill.
504 _aIncludes bibliographical references and index.
533 _aElectronic reproduction.
_bPalo Alto, Calif. :
_cebrary,
_d2011.
_nAvailable via World Wide Web.
_nAccess may be limited to ebrary affiliated libraries.
600 1 0 _aHamilton, Alexander,
_d1757-1804.
600 1 0 _aGallatin, Albert,
_d1761-1849.
610 1 0 _aUnited States.
_bDept. of the Treasury
_xHistory.
650 0 _aFinance, Public
_zUnited States
_xHistory.
650 0 _aMonetary policy
_zUnited States
_xHistory.
651 0 _aUnited States
_xEconomic policy.
651 0 _aUnited States
_xHistory
_yRevolution, 1775-1783.
651 0 _aUnited States
_xHistory
_y1783-1865.
651 0 _aUnited States
_xPolitics and government
_y1783-1865.
655 7 _aElectronic books.
_2local
710 2 _aebrary, Inc.
856 4 0 _uhttp://site.ebrary.com/lib/rucke/Doc?id=10619766
_zAn electronic book accessible through the World Wide Web; click to view
999 _c54396
_d54396